| 000 | 00440nam a22001577a 4500 | ||
|---|---|---|---|
| 003 | NUST | ||
| 005 | 20230316142855.0 | ||
| 020 | _a9693512251 | ||
| 082 | _a891.4397,REH | ||
| 100 |
_aRehman, Shafiq-ur- _934705 |
||
| 245 |
_aHimaqatain / حماقتیں (Urdu) / _cShafiq-ur-Rehman |
||
| 260 |
_aSang-e-Meel _bLahore _c2016 |
||
| 300 | _a224 p .; | ||
| 650 |
_aUrdu Literature _xUrdu Literatur-Satire _9110456 |
||
| 942 |
_2ddc _cBK _k891.4397,REH |
||
| 999 |
_c592672 _d592672 |
||